Historia del famoso cavallero Don Quixote de la Mancha (Record no. 2170)
[ view plain ]
| 000 -CABECERA | |
|---|---|
| campo de control de longitud fija | 02205nam a2200313 a 4500 |
| 001 - NÚMERO DE CONTROL | |
| campo de control | BRCA_2429 |
| 005 - FECHA Y HORA DE LA ÚLTIMA TRANSACCIÓN | |
| campo de control | 20190320203814.0 |
| 008 - DATOS DE LONGITUD FIJA--INFORMACIÓN GENERAL | |
| campo de control de longitud fija | 141108s1781----enk#---###---#000-0#spa-u |
| 041 ## - CÓDIGO DE LENGUA | |
| Código de lengua del texto/banda sonora o título independiente | spa |
| 044 ## - CÓDIGO DEL PAÍS DE LA ENTIDAD EDITORA/PRODUCTORA | |
| Código MARC del país | enk |
| 084 ## - OTRO NÚMERO DE CLASIFICACIÓN | |
| Número de clasificación | 067 |
| Número de documento/Ítem | .E27 |
| -- | 1781 |
| 100 1# - ENTRADA PRINCIPAL--NOMBRE DE PERSONA | |
| Nombre de persona | Cervantes Saavedra, Miguel de |
| Fechas asociadas al nombre | 1547-1616 |
| 9 (RLIN) | 213 |
| 245 10 - MENCIÓN DE TÍTULO | |
| Título | Historia del famoso cavallero Don Quixote de la Mancha |
| Mención de responsabilidad, etc. | por Miguel de Cervantes Saavedra. |
| 260 ## - PUBLICACIÓN, DISTRIBUCIÓN, ETC. | |
| Lugar de publicación, distribución, etc. | Salisbury (Inglaterra) |
| Nombre del editor, distribuidor, etc. | Eduardo Easton |
| Fecha de publicación, distribución, etc. | 1781 |
| 300 ## - DESCRIPCIÓN FÍSICA | |
| Extensión | 3 v. |
| Dimensiones | 29 cm. |
| 500 ## - NOTA GENERAL | |
| Nota general | Contenido : v 1. Primera parte. Dedicatoria al Lord Huntington por John Bowle, en inglés. Dedicatoria del autor. Prólogo del autor. Versos preliminares. Texto. -- v 2. Segunda parte. Dedicatoria del autor. Prólogo del autor. Texto. -- v 3. Anotaciones de la historia de D. Quixote de la Mancha por el Rev. Juan Bowle. Prólogo del editor. Lista de autores citados en las anotaciones. Prólogo a los índices. Texto |
| 500 ## - NOTA GENERAL | |
| Nota general | Edición : Anotada por John Bowle |
| 500 ## - NOTA GENERAL | |
| Nota general | Ejemplar de la primera tirada de la célebre edición del primer comentarista y anotador del Quijote, el inglés John Bowle, que aportó las materias para los comentarios posteriores de los españoles Pellicer, Arrieta, Clemencín y otros. No sabiendo hablar español, dedicó Bowle 14 años de estudio para aprenderlo, editar y anotar esta magna obra. Para el texto tomó por modelo las ediciones segunda y tercera de Cuesta (1605 y 1608), para la primera parte, especialmente la última. Para la segunda parte siguió a la príncipe. La parte tipográfica es esmeradísima y digna de encomio, máxime que se trata de una edición publicada en un país cuya lengua no es la de Cervantes Lúdovik Osterc |
| 500 ## - NOTA GENERAL | |
| Nota general | Incluye índice : De nombres y de palabras principales en D. Quixote |
| 500 ## - NOTA GENERAL | |
| Nota general | QM55 |
| 650 14 - PUNTO DE ACCESO ADICIONAL DE MATERIA--TÉRMINO DE MATERIA | |
| Término de materia o nombre geográfico como elemento de entrada | Novela española |
| Subdivisión cronológica | Época clásica, 1500-1700 |
| 9 (RLIN) | 215 |
| 650 14 - PUNTO DE ACCESO ADICIONAL DE MATERIA--TÉRMINO DE MATERIA | |
| Término de materia o nombre geográfico como elemento de entrada | Literatura española |
| Subdivisión cronológica | Época clásica, 1500-1700 |
| 9 (RLIN) | 216 |
| 650 14 - PUNTO DE ACCESO ADICIONAL DE MATERIA--TÉRMINO DE MATERIA | |
| Término de materia o nombre geográfico como elemento de entrada | Novela española |
| Subdivisión cronológica | Siglo XVII |
| 9 (RLIN) | 217 |
| 650 14 - PUNTO DE ACCESO ADICIONAL DE MATERIA--TÉRMINO DE MATERIA | |
| Término de materia o nombre geográfico como elemento de entrada | Don Quijote (Personaje ficticio) |
| Término indicativo de función/relación | Novela |
| 9 (RLIN) | 218 |
| 700 1# - PUNTO DE ACCESO ADICIONAL--NOMBRE DE PERSONA | |
| Nombre de persona | Bowle, John |
| Fechas asociadas al nombre | 1725-1788 |
| Término indicativo de función/relación | Anotador |
| 9 (RLIN) | 7113 |
| 740 0# - PUNTO DE ACCESO ADICIONAL--TÍTULO RELACIONADO O ANALÍTICO NO CONTROLADO | |
| Título relacionado o analítico no controlado | El Ingenioso Hidalgo Don Quijote de la Mancha |
| 902 ## - CATALOGADOR | |
| Iniciales | QFM |
| 942 ## - ELEMENTOS DE PUNTO DE ACCESO ADICIONAL (KOHA) | |
| Fuente del sistema de clasificación o colocación | Library of Congress Classification |
| Tipo de ítem Koha | Libros |
| Estado de retiro | Estado de pérdida | Estado dañado | No para préstamo | Localización permanente | Ubicación/localización actual | Fecha de adquisición | Número de inventario | Total de préstamos | Signatura topográfica completa | Código de barras | Fecha visto por última vez | Precio válido a partir de | Tipo de ítem Koha |
|---|---|---|---|---|---|---|---|---|---|---|---|---|---|
| El ejemplar forma parte de la colección y puede ser consultado según las políticas vigentes. | Biblioteca del Museo Franz Mayer (Rogerio Casas-Alatriste) | Biblioteca del Museo Franz Mayer (Rogerio Casas-Alatriste) | 14/11/2008 | QM55 | 067 .E27 1781 (QM55) | 2426 | 22/03/2019 | 22/03/2019 | Libros |